000 03079nam0a2200445 4500
001 RU\NLR\BIBL_A\022742077
005 20260529165647.0
010 _a978-5-02-041570-6
_9500
021 _aRU
_bКН-П-26-001598
_9КН-П-26-0145
035 _a(NLR Aleph) 022742077
090 _a13717522
_c13717522
100 _a20260303d2025 k y0rusy50 ca
101 0 _arus
_deng
102 _aRU
105 _aab z 000yy
181 0 _ai3
_baxxe
182 0 _an
200 1 _aПатриотизм как социальный феномен: установки населения Северо-Востока России
_eмонография
_fО. В. Васильева, Е. Г. Маклашова, А. Е. Захарова [и др.]
_gответственный редактор кандидат исторических наук В. Б. Игнатьева
_gФедеральный исследовательский центр "Якутский научный центр Сибирского отделения Российской академии наук", Институт гуманитарных исследований и проблем малочисленных народов Севера
203 _aТекст
_bвизуальный
_cнепосредственный
210 _aНовосибирск
_cНаука
_d2025
215 _a225, [2] с.
_cил., карт.
_d22
300 _aАвт. указаны на обороте тит. с.
300 _aВ конце кн. авт.: Васильева О. В. - канд. полит. наук, Маклашова Е. Г. - д-р социол. наук, Захарова А. Е. - доц., канд. социол. наук [и др.]
300 _aНа обл. в вых. дан.: Наука, 1727
320 _aБиблиогр.: с. 202-215
606 1 _aПатриотизм
_yСаха (Якутия), Республика
_xСоциологические исследования
_2nlr_sh2
_3RU\NLR\AUTH\6601771328
606 1 _aПатриотизм
_yЧукотский автономный округ
_xСоциологические исследования
_2nlr_sh2
_3RU\NLR\AUTH\6601771329
686 1 _aС550.561
686 1 _aТ3(2Р-4М-6Чу)0-72
686 1 _aТ3(2Р-6Я)0-72
701 1 _aВасильева
_bО. В.
_cканд. полит. наук
_gОльга Валерьевна
_3RU\NLR\AUTH\770206864
701 1 _aМаклашова
_bЕ. Г.
_gЕлена Гавриловна
_3RU\NLR\AUTH\770202917
701 1 _aЗахарова
_bА. Е.
_cканд. социол. наук
_f1977-
_gАкулина Егоровна
_3RU\NLR\AUTH\770269547
702 1 _aИгнатьева
_bВ. Б.
_f1963 -
_gВанда Борисовна
_3RU\NLR\AUTH\7760947
_4340
712 0 2 _aИнститут гуманитарных исследований и проблем малочисленных народов Севера
_cЯкутск
_3RU\NLR\AUTH\8810136103
_4570
942 _cBOOK
980 _aNB